• 首页
  • 本馆介绍
  • 公告通知
  • 最新文献
  • 馆藏检索
  • 电子资源
  • 读者导购
  • 参考咨询
  • 我的图书馆
  • 登录
  • 详细信息显示
  • 放入我的书架
  • 预约/预借图书
  • 作者相关作品
  • 分类相关作品
  • 丛书相关作品
  • 出版社相关作品

书目信息

  • 表格格式
  • 工作单格式
  • 卡片格式
题名:
HITE 5.0智能应用开发工程师
    
 
作者: 翁高飞 , 周从军 主编 ;武汉厚溥教育科技公司 编著
分册:   使用jQuery优化Web页面
出版信息: 北京   清华大学出版社  2016.8
页数: 206页
开本: 29cm
丛书名:
单 册:
中图分类: TP18 , TP312JA
科图分类:
主题词: 智能系统--应用开发 , JAVA语言--程序设计
电子资源:
ISBN: 978-7-302-44587-6
000 01156nam0 2200313 450
001 0400004879
005 20171025113802.0
010    @a978-7-302-44587-6@dCNY146.80(全10册)
100    @a20170328d2016 em y0chiy50 ea
101 0  @achi
102    @aCN@b110000
105    @aa z 000yy
106    @ar
200 1  @aHITE 5.0智能应用开发工程师@9HITE 5.0 zhi neng ying yong kai fa gong cheng shi@i使用jQuery优化Web页面@f武汉厚溥教育科技有限公司编著
210    @a北京@c清华大学出版社@d2016.8
215    @a206页@c图@d29cm
300    @a工信部国家级计算机人才评定体系
314    @a主编:翁高飞、周从军
330    @a本书共包括9个单元:jQuery框架简介、jQuery选择器、jQuery的事件、jQuery操作DOM、AJAX简介、jQuery AJAX的应用、XML概述及DTD技术、XML数据结构——Schema技术、XSL和XSLT。
606 0  @a智能系统@x应用开发
606 0  @aJAVA语言@x程序设计
610 0  @ajQuery
690    @aTP18@v5
690    @aTP312JA@v5
701  0 @a翁高飞@9weng gao fei@4主编
701  0 @a周从军@9zhou cong jun@4主编
712 02 @a武汉厚溥教育科技公司@9wu han hou pu jiao yu ke ji gong si@4编著
801  0 @aCN@b91MARC@c20171025
905    @b1039738-41@dTP18@f4@e138
    
    HITE 5.0智能应用开发工程师.使用jQuery优化Web页面/武汉厚溥教育科技有限公司编著.-北京:清华大学出版社,2016.8
    206页:图;29cm
    工信部国家级计算机人才评定体系
    
    ISBN 978-7-302-44587-6:CNY146.80(全10册)
    本书共包括9个单元:jQuery框架简介、jQuery选择器、jQuery的事件、jQuery操作DOM、AJAX简介、jQuery AJAX的应用、XML概述及DTD技术、XML数据结构——Schema技术、XSL和XSLT。
●
相关链接 在E读中查询图书 在五车中查询图书 在当当中查询图书 在豆瓣中查询图书


正题名:HITE 5.0智能应用开发工程师     索取号:TP18/138         预约/预借

序号 登录号 条形码 馆藏地/架位号 状态 备注
1 1039738   210397382   第二样本阅览室/ [索取号:TP18/138] 在馆    
2 1039739   210397391   密集书库—计算机科学学院/ [索取号:TP18/138] 在馆    
3 1039740   210397408   第三借阅区/ [索取号:TP18/138] 在馆    
4 1039741   210397417   第三借阅区/ [索取号:TP18/138] 在馆    
唐山师范学院图书馆 欢迎您!
大连网信软件有限公司© 版权所有